000 00608nam a22001697a 4500
003 OSt
005 20171010095529.0
008 121005t xxu||||| |||| 00| 0 eng d
040 _aMMSU
_cULS
100 _aRada, Teoderico D.
_913132
245 _aFormulation studies of leadless glaze utilizing Pasaleng clay Siruma Silica and flux for earthenware body
_cTeoderico D. Rada
260 _c2008
300 _ax, 44 leaves
_c28 cm.
500 _aThesis (BS Ceramic Engineering) -- Mariano Marcos State University-College of Engineering, Batac City
504 _aBibliography: leaf 27
942 _2ddc
_cTHEDIS
999 _c9811
_d9811